000 00216nam a22000857a 4500
008 160718b xxu||||| |||| 00| 0 eng d
100 _93002
_a Parker, S
245 _aSeashore
260 _aNew York
_bDorling Kindersley
_c2000
999 _c2565
_d2565